[Event "ROM-ch (Women)"]
[Site "Predeal"]
[Date "2006.12.03"]
[Round "7"]
[White "Tutulan, Mihaela"]
[Black "Dragomirescu, Angela"]
[Result "0-1"]
[WhiteElo "2024"]
[BlackElo "2237"]
[PlyCount "106"]
[EventDate "2006.11.27"]
[EventType "swiss"]
[EventRounds "11"]
[EventCountry "ROU"]
[SourceTitle "CBM 115 Extra"]
[Source "ChessBase"]
[SourceDate "2007.01.10"]
[SourceVersion "1"]
[SourceVersionDate "2007.01.10"]
[SourceQuality "1"]

1. d4 d5 2. Nf3 c6 3. Bg5 h6 4. Bf4 Nf6 5. h3 Qb6 6. Qc1 Bf5 7. e3 e6 8. Be2 c5 9. 0-0 Nc6 10. Rd1 Rc8 11. c3 Be7 12. dxc5 Bxc5 13. Bd3 Bxd3 14. Rxd3 0-0 15. Nbd2 Qa6 16. Qb1 b5 17. Nb3 Be7 18. Nfd4 Ne4 19. Rd1 b4 20. Nxc6 Rxc6 21. Nd4 Rb6 22. cxb4 Rxb4 23. a3 Rb6 24. Rc1 Nd2 25. Qa2 Nc4 26. b4 e5 27. Nf5 Bf6 28. Bg3 e4 29. Nd4 Bxd4 30. exd4 f5 31. Bf4 g5 32. Be5 f4 33. Rc3 Re6 34. Rac1 Rc8 35. a4 Kh7 36. b5 Qa5 37. Rxc4 dxc4 38. Rxc4 Rxc4 39. Qxc4 Re7 40. Qc8 Qb6 41. Qf5+ Qg6 42. Qc8 Qe6 43. Qa8 Qf5 44. a5 e3 45. fxe3 Qf7 46. exf4 gxf4 47. Qe4+ Kg8 48. b6 axb6 49. axb6 h5 50. Qa8+ Kh7 51. Qf3 Kg6 52. Qc6+ Kh7 53. Bc7 Kg7 0-1

[Event "ROM-ch (Women)"]
[Site "Predeal"]
[Date "2006.11.29"]
[Round "3"]
[White "Ionica, Iulia Ionela"]
[Black "Tutulan, Mihaela"]
[Result "1-0"]
[WhiteElo "2231"]
[BlackElo "2024"]
[PlyCount "53"]
[EventDate "2006.11.27"]
[EventType "swiss"]
[EventRounds "11"]
[EventCountry "ROU"]
[SourceTitle "CBM 115 Extra"]
[Source "ChessBase"]
[SourceDate "2007.01.10"]
[SourceVersion "1"]
[SourceVersionDate "2007.01.10"]
[SourceQuality "1"]

1. e4 c5 2. Nf3 Nc6 3. d4 cxd4 4. Nxd4 Nf6 5. Nc3 d6 6. Bg5 Bd7 7. Qd2 Rc8 8. Be2 Nxd4 9. Qxd4 Qa5 10. Bd2 Qc5 11. Qd3 Ng4 12. Bxg4 Bxg4 13. 0-0 Be6 14. Rfe1 Bc4 15. Qg3 b6 16. e5 dxe5 17. Rxe5 Qc7 18. Bf4 Qb7 19. b3 Be6 20. Re2 g6 21. Be5 Rg8 22. Nb5 Bd7 23. Nd4 f5 24. Qh4 h6 25. Bf6 g5 26. Qh5+ Kd8 27. Qf7 1-0

[Event "ROM-chT div-A (Women)"]
[Site "Predeal"]
[Date "2006.11.06"]
[Round "3"]
[White "Tutulan, Mihaela"]
[Black "Mosnegutu, Mariana"]
[Result "1/2-1/2"]
[WhiteElo "2024"]
[BlackElo "2225"]
[PlyCount "68"]
[EventDate "2006.11.04"]
[EventType "team"]
[EventRounds "9"]
[EventCountry "ROU"]
[SourceTitle "EXT 2007"]
[Source "ChessBase"]
[SourceDate "2006.11.23"]
[SourceVersion "1"]
[SourceVersionDate "2006.11.23"]
[SourceQuality "1"]

1. d4 Nf6 2. c4 c5 3. Nf3 cxd4 4. Nxd4 g6 5. Nc3 Bg7 6. e4 d6 7. Be2 Nc6 8. Be3 Bd7 9. 0-0 0-0 10. Qd2 b6 11. f3 Re8 12. Rab1 Rc8 13. Rfc1 Nxd4 14. Bxd4 Bc6 15. b4 Qd7 16. Rc2 Red8 17. Rbc1 h5 18. Nd5 e5 19. Nxf6+ Bxf6 20. Be3 Qe7 21. b5 Bd7 22. a4 Be6 23. a5 Rb8 24. Ra1 Rb7 25. axb6 axb6 26. Ra6 Qc7 27. Rc1 Be7 28. Qa2 Kh7 29. Ra1 Rdb8 30. Ra8 Bd8 31. Rxb8 Rxb8 32. Qa7 Rb7 33. Qa8 Rb8 34. Qa7 Rb7 1/2-1/2

[Event "Bucharest November"]
[Site "Bucharest"]
[Date "2003.11.14"]
[Round "2"]
[White "Tutulan, Mihaela"]
[Black "Matei, Florin"]
[Result "0-1"]
[WhiteElo "2054"]
[BlackElo "2174"]
[PlyCount "34"]
[EventDate "2003.11.13"]
[EventType "tourn"]
[EventRounds "9"]
[EventCountry "ROU"]
[SourceTitle "EXT 2008"]
[Source "ChessBase"]
[SourceDate "2007.11.25"]
[SourceVersion "1"]
[SourceVersionDate "2007.11.25"]
[SourceQuality "1"]

1. d4 Nf6 2. c4 Nc6 3. Nf3 e6 4. Nc3 Bb4 5. Qc2 0-0 6. Bf4 d6 7. e3 Re8 8. Bd3 e5 9. dxe5 dxe5 10. Bg5 e4 11. Bxf6 Qxf6 12. Bxe4 Rxe4 13. Qxe4 Bf5 14. Qf4 Bxc3+ 15. Ke2 Bxb2 16. Rad1 Be6 17. Qxf6 Bxc4+ 0-1

[Event "ROM-ch (Women)"]
[Site "Curtea de Arges"]
[Date "2002.11.25"]
[Round "1.1"]
[White "Tutulan, Mihaela"]
[Black "L'Ami, Alina"]
[Result "0-1"]
[WhiteElo "2060"]
[BlackElo "2272"]
[PlyCount "104"]
[EventDate "2002.12.07"]
[EventType "k.o."]
[EventRounds "4"]
[EventCountry "ROU"]
[SourceTitle "CBM 091 Extra"]
[Source "ChessBase"]
[SourceDate "2003.01.09"]
[SourceVersion "1"]
[SourceVersionDate "2003.01.09"]
[SourceQuality "1"]

1. d4 g6 2. c4 Bg7 3. Nf3 d6 4. Bg5 c5 5. Nc3 Nd7 6. e3 cxd4 7. exd4 Nb6 8. h3 Bf5 9. Be2 Nf6 10. Bxf6 Bxf6 11. 0-0 0-0 12. a4 Rc8 13. b3 h5 14. Rc1 e5 15. dxe5 dxe5 16. Qxd8 Rfxd8 17. a5 Nd7 18. Nd5 e4 19. Nxf6+ Nxf6 20. Ng5 Rd2 21. Rfe1 Rcd8 22. Rcd1 R8d7 23. Rxd2 Rxd2 24. c5 Rd5 25. Bc4 Rxc5 26. Bxf7+ Kg7 27. Ne6+ Bxe6 28. Bxe6 Rxa5 29. Rc1 b6 30. Rc7+ Kh6 31. Rf7 Nd5 32. Rd7 Nf4 33. Bg8 h4 34. Re7 Ra1+ 35. Kh2 Rf1 36. Rxe4 g5 37. Ra4 Rxf2 38. Rxa7 Rxg2+ 39. Kh1 Rg3 40. Rb7 Rxh3+ 41. Kg1 Rg3+ 42. Kh1 Re3 43. Rxb6+ Kh5 44. Bc4 Kg4 45. Rd6 Kg3 46. Rd1 Nh3 47. Rf1 Nf2+ 48. Kg1 h3 49. Rxf2 h2+ 50. Rxh2 Re1+ 51. Bf1 Rxf1+ 52. Kxf1 Kxh2 0-1

[Event "ROM-ch U18 Girls"]
[Site "Sovata"]
[Date "2002.05.01"]
[Round "10"]
[White "Munteanu, Denisa"]
[Black "Tutulan, Mihaela"]
[Result "1/2-1/2"]
[WhiteElo "2078"]
[BlackElo "2004"]
[PlyCount "117"]
[EventDate "2002.04.22"]
[EventType "tourn"]
[EventRounds "11"]
[EventCountry "ROU"]
[SourceTitle "EXT 2008"]
[Source "ChessBase"]
[SourceDate "2007.11.25"]
[SourceVersion "1"]
[SourceVersionDate "2007.11.25"]
[SourceQuality "1"]

1. e4 c5 2. Nf3 d6 3. d4 cxd4 4. Nxd4 Nf6 5. Nc3 Nc6 6. Bc4 e6 7. Be3 a6 8. Bb3 Qc7 9. Qe2 Na5 10. a4 Be7 11. 0-0 0-0 12. Ba2 Bd7 13. f4 Rac8 14. Rae1 Nc4 15. Bxc4 Qxc4 16. Qf3 Bxa4 17. e5 dxe5 18. fxe5 Nd7 19. Qg3 f6 20. Nxe6 Qxe6 21. Bh6 Rf7 22. exf6 Qb6+ 23. Be3 Bc5 24. Nxa4 Bxe3+ 25. Qxe3 Qxe3+ 26. Rxe3 Nxf6 27. Nc3 b5 28. Re2 Rfc7 29. Ra1 b4 30. Ne4 Rc6 31. Nxf6+ Rxf6 32. Rf1 Rfc6 33. Rff2 a5 34. b3 Rc3 35. h3 h6 36. Kh2 R8c7 37. Kg1 Kh7 38. Kf1 R7c6 39. Ke1 Kg6 40. Kd1 Rf6 41. Rd2 Rxf2 42. Rxf2 Kg5 43. Rd2 Rc5 44. Rd4 h5 45. g3 g6 46. Kd2 Kf5 47. Rd6 Kg5 48. Rd4 Kf6 49. Rd6+ Kf5 50. g4+ hxg4 51. hxg4+ Kg5 52. Re6 Kh6 53. Rd6 Kg7 54. Rd3 Rg5 55. Rd4 Rc5 56. Rd3 Kf6 57. c3 Ke5 58. cxb4 axb4 59. Ke3 1/2-1/2

[Event "ROM-ch U18 Girls"]
[Site "Sovata"]
[Date "2002.04.28"]
[Round "7"]
[White "Barbascu, Madalina"]
[Black "Tutulan, Mihaela"]
[Result "1/2-1/2"]
[WhiteElo "2096"]
[BlackElo "2004"]
[PlyCount "92"]
[EventDate "2002.04.22"]
[EventType "tourn"]
[EventRounds "11"]
[EventCountry "ROU"]
[SourceTitle "EXT 2008"]
[Source "ChessBase"]
[SourceDate "2007.11.25"]
[SourceVersion "1"]
[SourceVersionDate "2007.11.25"]
[SourceQuality "1"]

1. b3 Nf6 2. Bb2 d5 3. e3 Bf5 4. f4 e6 5. Nf3 Be7 6. Be2 0-0 7. 0-0 h6 8. Ne5 c5 9. d3 Nfd7 10. Nd2 Qc7 11. e4 dxe4 12. dxe4 Bh7 13. Bf3 f6 14. Nxd7 Nxd7 15. g3 e5 16. f5 Rfd8 17. Qe2 Kh8 18. Nc4 Nb8 19. Ne3 Nc6 20. c3 Rd7 21. Nd5 Qd8 22. Rfd1 Rb8 23. Qf1 Bg8 24. Nxe7 Qxe7 25. Rxd7 Qxd7 26. Rd1 Qc7 27. Qb5 b6 28. Be2 Rd8 29. Rxd8 Qxd8 30. Qd3 Qc7 31. Kf2 Bf7 32. Qd2 Kh7 33. Bc1 Ne7 34. Bb5 Nc6 35. Qd3 Nb8 36. Bc4 Bxc4 37. Qxc4 Nc6 38. Qe6 Nd8 39. Qe8 Nf7 40. h4 Qb7 41. Ke3 Nd6 42. Qg6+ Kh8 43. Qg4 Nb5 44. Bd2 Nd6 45. Bc1 Nb5 46. Bd2 Nd6 1/2-1/2

[Event "ROM-ch U18 Girls"]
[Site "Sovata"]
[Date "2002.04.22"]
[Round "1"]
[White "Ciobanu, Camelia Adriana"]
[Black "Tutulan, Mihaela"]
[Result "1-0"]
[WhiteElo "2234"]
[BlackElo "2004"]
[PlyCount "51"]
[EventDate "2002.04.22"]
[EventType "tourn"]
[EventRounds "11"]
[EventCountry "ROU"]
[SourceTitle "EXT 2008"]
[Source "ChessBase"]
[SourceDate "2007.11.25"]
[SourceVersion "1"]
[SourceVersionDate "2007.11.25"]
[SourceQuality "1"]

1. e4 c5 2. Nf3 d6 3. d4 cxd4 4. Nxd4 Nf6 5. Nc3 Nc6 6. f3 a6 7. Be3 e6 8. Qd2 Be7 9. 0-0-0 Bd7 10. g4 b5 11. h4 b4 12. Nce2 Ne5 13. Ng3 Qa5 14. g5 Qxa2 15. Qxb4 d5 16. Qb3 Qa1+ 17. Kd2 Qa5+ 18. c3 0-0 19. gxf6 Rfb8 20. Qc2 Bxf6 21. Be2 Nc4+ 22. Bxc4 dxc4 23. Ra1 Qd8 24. Ke2 Bxh4 25. e5 g6 26. Ne4 1-0

[Event "ROM-ch sf U18 Girls"]
[Site "Buzias"]
[Date "2002.03.??"]
[Round "?"]
[White "Tutulan, Mihaela"]
[Black "Barbascu, Madalina"]
[Result "0-1"]
[WhiteElo "2004"]
[BlackElo "2096"]
[PlyCount "92"]
[EventDate "2002.03.18"]
[EventType "swiss"]
[EventRounds "9"]
[EventCountry "ROU"]
[SourceTitle "EXT 2008"]
[Source "ChessBase"]
[SourceDate "2007.11.25"]
[SourceVersion "1"]
[SourceVersionDate "2007.11.25"]
[SourceQuality "1"]

1. d4 Nf6 2. c4 g6 3. Nc3 Bg7 4. e4 0-0 5. Be2 c5 6. d5 d6 7. Bg5 a6 8. a4 Qa5 9. Qd2 Bd7 10. f3 Be8 11. Nh3 Nbd7 12. 0-0 Qc7 13. Rad1 Nb6 14. b3 Rb8 15. Bh6 Bd7 16. Bxg7 Kxg7 17. Nf2 Na8 18. f4 Rfe8 19. Qe3 e5 20. dxe6 Bxe6 21. f5 Bxf5 22. Qf4 Be6 23. Nh3 Qe7 24. Rxd6 Rbd8 25. e5 Nd7 26. Ng5 Nc7 27. Qh4 h6 28. Nxe6+ Nxe6 29. Qxe7 Rxe7 30. Nd5 Ree8 31. Nf6 Nxf6 32. exf6+ Kf8 33. Rxd8 Rxd8 34. Bf3 b6 35. Bd5 Nd4 36. Re1 Rd6 37. Rf1 Nxb3 38. g4 Nd4 39. Kg2 Nc2 40. Kf3 Rxf6+ 41. Ke2 Rxf1 42. Kxf1 Ne3+ 43. Ke2 Nxd5 44. cxd5 Ke7 45. Kd3 b5 46. axb5 axb5 0-1

[Event "ROM-chT"]
[Site "Eforie Nord"]
[Date "2002.??.??"]
[Round "1"]
[White "Wagener, Anna"]
[Black "Tutulan, Mihaela"]
[Result "1-0"]
[WhiteElo "2217"]
[BlackElo "2004"]
[PlyCount "73"]
[EventDate "2002.??.??"]
[EventType "team"]
[EventRounds "5"]
[EventCountry "ROU"]
[SourceTitle "EXT 2003"]
[Source "ChessBase"]
[SourceDate "2002.11.25"]
[SourceVersion "1"]
[SourceVersionDate "2002.11.25"]
[SourceQuality "1"]

1. e4 c5 2. Nf3 d6 3. d4 cxd4 4. Qxd4 Nc6 5. Bb5 Bd7 6. Bxc6 Bxc6 7. Nc3 Nf6 8. Bg5 h6 9. Bxf6 gxf6 10. 0-0-0 h5 11. Kb1 Rg8 12. Nh4 e6 13. Rhe1 Rg4 14. g3 Be7 15. f3 Rg8 16. Nd5 Bxd5 17. exd5 e5 18. Qd3 Rc8 19. Qh7 Rf8 20. Qxh5 Qa5 21. Qf5 Rc4 22. Qd3 b5 23. Re4 Kd7 24. Rxc4 bxc4 25. Qxc4 Rc8 26. Qd3 Rc5 27. Nf5 Bd8 28. h4 Rb5 29. h5 Qb4 30. b3 Ra5 31. Qd2 Qa3 32. c4 Rc5 33. h6 Ba5 34. Qb2 Qb4 35. a3 Qb8 36. b4 Rxc4 37. bxa5 1-0

[Event "ROM-ch (Women)"]
[Site "Targoviste"]
[Date "2001.11.30"]
[Round "7"]
[White "Ionescu, Irina"]
[Black "Tutulan, Mihaela"]
[Result "1-0"]
[WhiteElo "2338"]
[BlackElo "2012"]
[PlyCount "61"]
[EventDate "2001.11.23"]
[EventType "tourn"]
[EventRounds "11"]
[EventCountry "ROU"]
[SourceTitle "CBM 085 Extra"]
[Source "ChessBase"]
[SourceDate "2002.01.21"]
[SourceVersion "1"]
[SourceVersionDate "2002.01.21"]
[SourceQuality "1"]

1. e4 c5 2. Nf3 d6 3. Bc4 Nf6 4. d3 Nc6 5. c3 e6 6. 0-0 Be7 7. Bb3 0-0 8. Re1 b5 9. d4 Bb7 10. Qe2 a6 11. e5 dxe5 12. dxe5 Nd7 13. Bc2 Re8 14. Nbd2 Nf8 15. Ne4 Qc7 16. Bf4 Ng6 17. Bg3 Red8 18. Nfg5 Bxg5 19. Nxg5 Nce7 20. Qh5 h6 21. Nxe6 fxe6 22. Bxg6 Nxg6 23. Qxg6 Qc6 24. Bf4 Rd7 25. Rad1 Rad8 26. Rd6 Rxd6 27. exd6 Kh8 28. Be5 Rd7 29. Qxh6+ Kg8 30. Qxe6+ Rf7 31. Qg6 1-0

[Event "ROM-ch (Women)"]
[Site "Targoviste"]
[Date "2001.11.28"]
[Round "5"]
[White "Calotescu, Ana Cristina"]
[Black "Tutulan, Mihaela"]
[Result "1-0"]
[WhiteElo "2296"]
[BlackElo "2012"]
[PlyCount "61"]
[EventDate "2001.11.23"]
[EventType "tourn"]
[EventRounds "11"]
[EventCountry "ROU"]
[SourceTitle "CBM 085 Extra"]
[Source "ChessBase"]
[SourceDate "2002.01.21"]
[SourceVersion "1"]
[SourceVersionDate "2002.01.21"]
[SourceQuality "1"]

1. c4 c6 2. e4 e6 3. Nc3 Ne7 4. Nf3 d5 5. d4 dxe4 6. Nxe4 Nf5 7. Be2 Be7 8. 0-0 0-0 9. b3 b6 10. Bb2 Bb7 11. Qc2 Na6 12. Rad1 Qc7 13. a3 Rad8 14. Rfe1 Qc8 15. Bd3 h6 16. Qc3 Rfe8 17. Bb1 Bf8 18. Qc2 h5 19. h3 Be7 20. Ne5 g6 21. Qc3 c5 22. dxc5 Bxe4 23. Bxe4 Bf6 24. cxb6 Nc5 25. Rxd8 Rxd8 26. bxa7 Nxe4 27. Rxe4 Rd1+ 28. Re1 Nd4 29. Qa5 Rxe1+ 30. Qxe1 Nf5 31. Qe4 1-0

[Event "ROM-ch sf (Women)"]
[Site "Sovata"]
[Date "2001.03.16"]
[Round "7"]
[White "Tutulan, Mihaela"]
[Black "Calota, Alina"]
[Result "0-1"]
[WhiteElo "2024"]
[BlackElo "2076"]
[PlyCount "82"]
[EventDate "2001.03.10"]
[EventType "swiss"]
[EventRounds "9"]
[EventCountry "ROU"]
[SourceTitle "EXT 2008"]
[Source "ChessBase"]
[SourceDate "2007.11.25"]
[SourceVersion "1"]
[SourceVersionDate "2007.11.25"]
[SourceQuality "1"]

1. d4 Nf6 2. c4 g6 3. Nc3 Bg7 4. e4 d6 5. Be2 0-0 6. Bg5 c5 7. d5 e6 8. Qd2 exd5 9. exd5 Re8 10. Nf3 b5 11. Nxb5 Qb6 12. Bxf6 Bxf6 13. Rc1 Ba6 14. 0-0 Bxb5 15. cxb5 a6 16. a4 axb5 17. Bxb5 Rd8 18. Qf4 Kg7 19. Rc2 Na6 20. Re2 Nc7 21. Bc6 Rab8 22. Rfe1 Qb3 23. Qd2 Qa2 24. Qd1 Rxb2 25. Rxb2 Qxb2 26. Qb1 Rb8 27. Qxb2 Rxb2 28. Rc1 c4 29. Kf1 c3 30. Ke1 Na6 31. g4 g5 32. Bb5 Nc5 33. Ng1 Nb3 34. Ne2 Rxe2+ 35. Kxe2 Nxc1+ 36. Kd1 Nb3 37. Bc4 Na5 38. Bd3 Bd4 39. Kc2 h6 40. Bf5 Kf6 41. Kd3 Ke5 0-1

[Event "ROM-ch sf (Women)"]
[Site "Sovata"]
[Date "2001.03.11"]
[Round "2"]
[White "Vladila, Liana"]
[Black "Tutulan, Mihaela"]
[Result "0-1"]
[WhiteElo "2073"]
[BlackElo "2024"]
[PlyCount "52"]
[EventDate "2001.03.10"]
[EventType "swiss"]
[EventRounds "9"]
[EventCountry "ROU"]
[SourceTitle "EXT 2008"]
[Source "ChessBase"]
[SourceDate "2007.11.25"]
[SourceVersion "1"]
[SourceVersionDate "2007.11.25"]
[SourceQuality "1"]

1. e4 c5 2. Nf3 d6 3. d4 cxd4 4. Nxd4 Nf6 5. Nc3 Nc6 6. Bc4 e6 7. Be3 Be7 8. Qe2 a6 9. 0-0-0 Qc7 10. g4 0-0 11. g5 Nd7 12. f4 Nxd4 13. Bxd4 b5 14. Bd3 Bb7 15. Rhg1 b4 16. Nb1 e5 17. Be3 exf4 18. Bxf4 Nc5 19. Nd2 Ne6 20. Qg4 Rac8 21. Kb1 Rfe8 22. Nc4 Bf8 23. Rg3 Nxf4 24. Qxf4 Bxe4 25. Bxe4 Qxc4 26. Rd4 Rxe4 0-1

[Event "ROM-ch sf U18 Girls"]
[Site "Eforie Nord"]
[Date "2001.??.??"]
[Round "?"]
[White "Lacau Rodean, Iulia"]
[Black "Tutulan, Mihaela"]
[Result "1/2-1/2"]
[WhiteElo "1730"]
[BlackElo "1641"]
[PlyCount "80"]
[EventDate "2001.01.28"]
[EventType "swiss"]
[EventRounds "9"]
[EventCountry "ROU"]
[SourceTitle "EXT 2004"]
[Source "ChessBase"]
[SourceDate "2003.11.25"]
[SourceVersion "1"]
[SourceVersionDate "2003.11.25"]
[SourceQuality "1"]

1. Nf3 d5 2. d4 c6 3. c4 e6 4. Nc3 Nf6 5. Bg5 dxc4 6. e3 b5 7. g3 Bb4 8. Qc2 Bb7 9. Bg2 Nbd7 10. 0-0 Qb6 11. Bxf6 Nxf6 12. b3 Bxc3 13. Qxc3 b4 14. Qc2 c3 15. Ne5 0-0 16. a3 a5 17. Ra2 Rfd8 18. Rfa1 Nd5 19. Nd3 Qc7 20. Bxd5 cxd5 21. axb4 axb4 22. Nxb4 Rxa2 23. Nxa2 Rc8 24. Rc1 Ba6 25. Nxc3 Qb6 26. Qa2 h6 27. Kg2 Qb7 28. Ne2 Rxc1 29. Nxc1 Qb5 30. Qc2 Qf1+ 31. Kf3 g5 32. e4 dxe4+ 33. Kxe4 Qe1+ 34. Kf3 f5 35. d5 Bb7 36. Ne2 Qh1+ 37. Ke3 Qxd5 38. Qd3 f4+ 39. gxf4 gxf4+ 40. Kd2 Qa5+ 1/2-1/2

[Event "ROM-ch U18 Girls"]
[Site "Sovata"]
[Date "2001.??.??"]
[Round "11"]
[White "Moldovan, Corina"]
[Black "Tutulan, Mihaela"]
[Result "1/2-1/2"]
[WhiteElo "2226"]
[BlackElo "1640"]
[PlyCount "92"]
[EventDate "2001.03.31"]
[EventType "tourn"]
[EventRounds "11"]
[EventCountry "ROU"]
[SourceTitle "EXT 2008"]
[Source "ChessBase"]
[SourceDate "2007.11.25"]
[SourceVersion "1"]
[SourceVersionDate "2007.11.25"]
[SourceQuality "1"]

1. e4 c5 2. Nf3 d6 3. Bc4 Nf6 4. d3 Nc6 5. c3 e6 6. Bb3 Be7 7. 0-0 0-0 8. Re1 b5 9. d4 d5 10. e5 Ne4 11. Nbd2 cxd4 12. cxd4 f5 13. exf6 Nxd2 14. Bxd2 Bxf6 15. Be3 Na5 16. Bc2 Nc4 17. Qd3 g6 18. b3 Nd6 19. Ne5 Nf5 20. Qxb5 Bxe5 21. dxe5 Bd7 22. Qe2 d4 23. Bc1 Qb6 24. Bd3 Bc6 25. Ba3 Rf7 26. Rac1 Rd8 27. Bc5 Qb7 28. f3 Nh4 29. Be4 d3 30. Qd2 Rxf3 31. Bxc6 Qxc6 32. Bf2 Rxf2 33. Qxf2 Qd5 34. Rcd1 Nf5 35. Rd2 Rc8 36. Qf3 Qd4+ 37. Kh1 Ne3 38. h3 Rc2 39. Rxd3 Qxd3 40. Qxe3 Qxe3 41. Rxe3 Rxa2 42. Kh2 a5 43. Kg3 Ra3 44. Kf3 Kg7 45. Ke4 a4 46. bxa4 Rxa4+ 1/2-1/2